000 00733nam a22002177a 4500
003 0
005 20250916084513.0
008 250916b xxu||||| |||| 00| 0 eng d
020 _a979-8-88836-765-0
050 _aQA 76
_b.H86 2025
100 _aHunter, Jensen,
_eauthor.
245 _aInformation and computer science :
_ban introduction /
_cJensen Hunter.
260 _aNew York, NY :
_bLarsen and Keller Education,
_c2025.
300 _a269 pages :
_bcolored illustrations ;
_c26 cm.
504 _aIncludes bibliographical references and index.
650 _aComputer science.
650 _aInformation science.
650 _aInformation technology.
650 _aInformation storage and retrieval systems.
942 _2lcc
_cBK
999 _c367973
_d367973